Μελέτη της προσαρμογής ενός γενικευμένου γραμμικού μοντέλου, με βάση ορθοκανονικούς πίνακες σχεδιασμού : μεταπτυχιακή διατριβή
Στην παρούσα διπλωματική εργασία, σκοπός μας είναι να μελετήσουμε τα μονικά ορθοκανονικά πολυώνυμα ,αφού τα εντάξουμε μέσα από ένα GLM Design Matrix , να εξετάσουμε αν διαφορετικά ορθοκανονικά πολυώνυμα μας δίνουν άλλα αποτελέσματα....
Saved in:
| Main Author: | |
|---|---|
| Corporate Author: | |
| Format: | Thesis Book |
| Language: | Greek |
| Published: |
[2011].
|
| Subjects: | |
| Online Access: | http://hdl.handle.net/11610/15605 |
| Tags: |
Add Tag
No Tags, Be the first to tag this record!
|
MARC
| LEADER | 00000cam a2200000 i 4500 | ||
|---|---|---|---|
| 001 | 1/13200 | ||
| 008 | 110520s2011 gr | ||| |||| ||gre|| | ||
| 035 | |l 10110103 | ||
| 040 | |a GR-MyUA |b gre |e AACR2 | ||
| 041 | 0 | |a gre | |
| 082 | 0 | |a 515.55 |2 (22) | |
| 100 | 1 | |a Κοντού, Ευγενία. | |
| 245 | 1 | 0 | |a Μελέτη της προσαρμογής ενός γενικευμένου γραμμικού μοντέλου, με βάση ορθοκανονικούς πίνακες σχεδιασμού : |b μεταπτυχιακή διατριβή / |c Ευγενία Κόντου ; επιβλέπων καθηγητής Ιωάννης Τσιμήκας. |
| 260 | |c [2011]. | ||
| 300 | |a 79 σ. : |b εικ. ; |c 30 εκ. | ||
| 502 | |a Διατριβή (μεταπτυχιακή) – Πανεπιστήμιο Αιγαίου, Σάμος, 2011. | ||
| 504 | |a Βιβλιογραφία: σ. 75-79. | ||
| 506 | 1 | |a Διάθεση πλήρους κειμένου ; |d Ενδοπανεπιστημιακή δημοσίευση. | |
| 520 | |a Στην παρούσα διπλωματική εργασία, σκοπός μας είναι να μελετήσουμε τα μονικά ορθοκανονικά πολυώνυμα ,αφού τα εντάξουμε μέσα από ένα GLM Design Matrix , να εξετάσουμε αν διαφορετικά ορθοκανονικά πολυώνυμα μας δίνουν άλλα αποτελέσματα. | ||
| 540 | |a Κλειδωμένη η δυνατότητα αντιγραφής (copy) του κειμένου. | ||
| 610 | 2 | 0 | |a University of the Aegean |x Dissertations. |
| 650 | 0 | 0 | |a Orthogonal polynomials. |
| 650 | 0 | 0 | |a Principal components analysis. |
| 650 | 0 | 0 | |a Dissertations, Academic |z Greece. |
| 700 | 1 | |a Τσιμήκας, Ιωάννης, |e dgs | |
| 710 | 2 | |a Πανεπιστήμιο Αιγαίου. |b Σχολή Θετικών Επιστημών. |b Τμήμα Στατιστικής και Αναλογιστικών-Χρηματοοικονομικών Μαθηματικών. |b Μεταπτυχιακό Πρόγραμμα Στατιστική και Αναλογιστικά - Χρηματοοικονομικά Μαθηματικά. | |
| 852 | |a INST |b SAMOS |c DIATR |e 20110520 |h 515.55 ΚΟΝ |p 005300032709 |q 005300032709 |t MTXE |y 23 | ||
| 852 | |a INST |b SAMOS |c DIATR |e 20110520 |h 515.55 ΚΟΝ |p 005300032710 |q 005300032710 |t MTXE |y 23 | ||
| 856 | |u http://hdl.handle.net/11610/15605 | ||
| 901 | |a BIBL3-2011-2 | ||
| 909 | |a Σ |b 167175 | ||
| 909 | |a Σ |b 167176 | ||
| 924 | |a ΚΟΝΤΟΥ |b ΕΥΓΕΝΙΑ |y Σάμος |z 2011-02 | ||
| 970 | |a ΚΟΣΙΕΡΗΣ |b ΧΡΗΣΤΟΣ |z 2011/05/20 | ||